00727nam a22001937a 450000500170000001000150001702000260003203500140005803700130007208200140008524500880009926000450018727000800023230000260031250000210033894200280035999900190038795201270040620180517171453.0 aENG-123050 c695.00a9781316641880 aEN-106582 bDBAD/PUB a306.09545 aNortheast India:ba place of relations /ced.by Yasmin Saikia [and] Amit R. Baishya aDelhibCAMBRIDGE UNIVERSITY PRESS c2017 aSplendor Forum, Plot no. 3, 3rd Floor Jasola District CentrebDelhie110025 axi, 291p.c23cm (Pbk) aIt include index 2ddccENh306.09545mNOR c152133d152133 001040718NFICaDBADbBL1d2018-05-18eDBAD/PUBg695.00l0o306.09545 NORpEN-106582r2018-05-18 00:00:00t1v695.00yEN